| 000 | 00529nam a2200181Ia 4500 | ||
|---|---|---|---|
| 999 |
_c22846 _d22846 |
||
| 003 | OSt | ||
| 005 | 20200206111823.0 | ||
| 008 | 190216s9999||||xx |||||||||||||| ||und|| | ||
| 040 | _coclc | ||
| 082 |
_a297.1229 _bYEH/A |
||
| 100 |
_aYehya, Haroon _91847 |
||
| 245 | 0 |
_aAnthya Nalinte Adayalangal Surathul Kahfil / _cHaroon Yehya |
|
| 250 | _a1st ed. | ||
| 260 |
_bVicharam Books, _c2009. _aThrissur: |
||
| 300 | _a206p | ||
| 650 | _aIslamic History | ||
| 942 |
_cBK _2ddc _h297.1229 _iYEH/A _k297.1229 _mYEH/A |
||